000 00889cam a22002653a 4500
001 2567
003 PGUSA
005 20140828083016.0
008 010301s2001||||xxu|||||s|||||000 | eng d
040 _aPGUSA
_beng
042 _adc
050 4 _aE300
100 1 _aThoreau, Henry David,
_d1817-1862
245 1 2 _aA Plea for Captain John Brown :
_bRead to the citizens of Concord, Massachusetts on Sunday evening, October thirtieth, eighteen fifty-nine
_h[electronic resource] /
_cHenry David Thoreau
260 _bProject Gutenberg,
_c2001
506 _aPublic domain in the USA.
516 _aElectronic text
653 _aBrown, John, 1800-1859
653 _aGovernment, Resistance to
653 _aSlavery
653 _aBrown, John, 1800-1859 -- Trials, litigation, etc.
830 0 _aProject Gutenberg
_v2567
856 4 0 _uhttp://www.gutenberg.org/ebooks/2567
942 _cEB
999 _c231904
_d231904